| 000 | 00929cac a2200217 a 4500 | ||
|---|---|---|---|
| 003 | Co-PeBPM | ||
| 005 | 20240829185348.0 | ||
| 007 | ta | ||
| 008 | 231129s1994||||xx a||||||||||||| ||spa|| | ||
| 040 |
_aCo-PeBPM _bspa _cCo-PeBPM _erda |
||
| 082 | 0 | 4 |
_a070.195 I59h _222 |
| 110 | _aInstituto Nacional de Radio y Televisión | ||
| 245 | 0 |
_aHistoria de una travesia _b: Cuarenta años de la televisión en Colombia _c/ Instituto Nacional de Radio y Televisión- INRAVISIÓN, _h1994 |
|
| 250 | _aPrimera edición | ||
| 260 |
_aBogotá, Colombia _b: El Instituto, _c1994 |
||
| 300 |
_a520 páginas _bilustraciones, fotografías en blanco y negro _c27 centímetros |
||
| 500 | _aIncluye índice | ||
| 505 | _aLa cronología : los hechos que hacen la historia / por Vicente Stamato ; Los ensayos que analizan ; Las caricaturas que también cuentan la historia. | ||
| 650 | 1 | 4 |
_aHistoria de la televisión colombiana _2Lemb |
| 942 |
_2ddc _cBK |
||
| 999 |
_c15242 _d15242 |
||